Famous Estonian people Quiz Stats

 Plays Quiz not verified by Sporcle

Challenge
Share
Tweet
Embed
Score 0/15 Timer 05:00
0 Plays Today
Hint Answer % Correct
Carmen Kass
50%
Toomas Hendrik Ilves
33.3%
Tanel Padar
33.3%
Erki Nool
16.7%
Erika Salumäe
16.7%
Ragnar Baum
16.7%
Ragnar Baum
16.7%
Ragnar Baum
16.7%
Hint Answer % Correct
Ragnar Baum
16.7%
Maarja Liis Ilus
16.7%
Tõnis Mägi
16.7%
Andrus Veerpalu
16.7%
Andrus Ansip
8.3%
Kaia Kanepi
8.3%
Raimond Valgre
0%

You're not logged in!

Compare scores with friends on all Sporcle quizzes.
Join for Free
OR
Log In

You Might Also Like...

Show Comments

Extras

Created Nov 21, 2013ReportNominate
Tags:Famous Quiz, estonia

Top Quizzes Today


Score Distribution

Your Account Isn't Verified!

In order to create a playlist on Sporcle, you need to verify the email address you used during registration. Go to your Sporcle Settings to finish the process.

Report this User

Report this user for behavior that violates our Community Guidelines.

Details: